Statistics for State Quiz - New Mexico

Click here to take the quiz!

General Stats

  • This quiz has been taken 10,679 times
    (7,299 since last reset)
  • The average score is 13 of 20

Answer Stats

HintAnswer% Correct
Type of weapon first tested in New Mexico in 1945Atomic Bomb
94%
Most populous cityAlbuquerque
92%
Capital citySanta Fe
91%
TV show about a chemistry teacher turned drug kingpinBreaking Bad
85%
Name for the point at which New Mexico, Arizona, Colorado, and Utah all meetFour Corners
84%
New Mexico's state bird, capable of running at 20 miles per hourGreater roadrunner
80%
Town that renamed itself in honor of a radio quiz show in 1950{Truth} or Consequences
76%
City famous for a 1947 UFO incident that happened 75 miles awayRoswell
74%
Each year, New Mexico hosts the world's largest festival for this type of aircraftHot Air Balloons
68%
This Native American reservation, the largest in the United States, spans parts
of Arizona and New Mexico
Navajo Nation
66%
Former governor Gary Johnson ran for President in 2016 as the nominee of this partyLibertarian
66%
The two Mexican states that border New Mexico (name either)Chihuahua / Sonora
65%
"P" word that refers to a Native American settlement of multi-story
stone and adobe buildings
Pueblo
64%
Outlaw who was gunned down by Pat Garrett in Fort Sumner in 1881Billy the Kid
60%
National Parks{White} Sands
54%
National Parks{Carlsbad} Caverns
54%
State nicknameLand of {Enchantment}
53%
National laboratory built to design that weaponLos Alamos
40%
1854 purchase in which the U.S. bought the southwest part of New Mexico{Gadsden} Purchase
37%
Artists colony where Georgia O'Keeffe, Ansel Adams, and others residedTaos
32%

Score Distribution

Percentile by Number Answered

Percent of People with Each Score

Your Score History

You have not taken this quiz since the last reset